[Event "It (open)"]
[Site "masterchessopen.com Plancoet (France)"]
[Date "2004.08.01"]
[Round "9"]
[White "Solozhenkin Evgeniy (RUS)"]
[Black "Bagheri Amir (FRA)"]
[Result "1-0"]
[WhiteElo "2501"]
[BlackElo "2496"]

{ } 1.d4 { 1 } 1...Nf6 2.c4 e6 3.g3 d5 4.Bg2 Be7 5.Nf3 dxc4 6.O-O O-O 7.Qc2 a6
8.a4 Bd7 9.Qxc4 Bc6 10.Bg5 Bd5 ( 10...a5 11.Nc3 Na6 12.Bxf6 Bxf6 13.e4 Nb4
14.Rfd1 g6 15.Rac1 Re8 16.d5 exd5 17.exd5 Bd7 18.Nd4 Rc8 19.Ne4 Be5 20.Nc5 b6
21.Nc6 Bxc6 22.dxc6 bxc5 23.Rxd8 Rcxd8 24.Re1 Bd4 25.Rxe8+ Rxe8 26.Qb5 Kg7
27.Qxa5 Re2 28.Qxc7 Rxf2 29.Kh1 Nd3 30.Qd8 { ...1/2-1/2, Gelfand Boris 2681 -
Anand Viswanathan 2762 , Shenyang 2000 Cup FIDE (KO system) } ) ( 10...Nbd7
11.Nc3 h6 12.Bxf6 Nxf6 13.b4 Bd5 14.Nxd5 exd5 15.Qb3 c6 16.e3 Ne4 17.Rfc1 Qd6
18.Rab1 a5 19.bxa5 Rfb8 20.Rc2 Nf6 21.Rcb2 Rxa5 22.Qc2 Qc7 23.Ne5 Nd7 24.Nd3
Bd6 25.Bh3 Nf6 26.Rb6 Ra7 27.Qb2 h5 28.a5 h4 29.Ne5 hxg3 30.hxg3 { ...1/2-1/2,
Beliavsky Alexander G 2620 - Karpov Anatoly 2775 , Niksic 1996 Ch Yugoslavia
(team) (play-off) } ) 11.Qd3 ( 11.Qc2 Be4 12.Qd1 c5 13.dxc5 Bxc5 14.Qxd8 Rxd8
15.Nbd2 Bc6 16.Nb3 Nbd7 17.Rfc1 Bb6 18.Nfd2 Bxg2 19.Kxg2 Rdc8 20.Bxf6 Nxf6
21.Nc4 Bc7 22.Nc5 Rab8 23.b4 Kf8 24.Rab1 Ke7 25.b5 Bd8 26.Nd3 axb5 27.Rxb5 b6
28.Nde5 Kf8 29.Nxb6 Rxc1 30.Nbd7+ Nxd7 { ...1-0, Kramnik Vladimir 2809 -
Gelfand Boris 2701 , Astana 2001 It (cat.20) } ) 11...c5 ( 11...Be4 12.Qd1 c5
13.dxc5 Qxd1 14.Rxd1 Bxc5 15.Nc3 { 1/2-1/2, Khalifman Alexander 2667 - Kramnik
Vladimir 2770 , Dortmund 2000 It (cat.16) } ) ( 11...Nc6 12.Bxf6 gxf6 13.e4 (
13.Nc3 Nb4 { } ) 13...Nb4 14.Qe2 Bb3 15.Rc1 Na2 16.Rxa2 Bxa2 17.Nc3 Bb3 18.Nd2
Bxa4 19.Nxa4 b5 20.e5 Ra7 21.Nc5 c6 22.Ndb3 a5 23.Qh5 a4 24.exf6 Bxf6 25.Be4
Re8 26.Nd2 Qxd4 27.Bxh7+ Kf8 28.Nde4 Bg7 29.Rd1 Qe5 30.Qf3 f5 31.Rd7 { ...0-1,
Valeinis Janis 2227 - Sergejev Roman 2349 , Tallinn 2000 Match
"Estonia-Latvia" } ) ( 11...Ne4 12.Bxe7 Qxe7 13.Ne5 f5 14.f3 Ng5 15.Nc3 Nd7
16.Nxd7 Qxd7 17.e4 Bc6 18.d5 Qd8 19.Qc4 exd5 20.exd5 Bd7 21.d6+ Be6 22.Qxc7
Qxc7 23.dxc7 f4 24.Ne4 Nxe4 25.fxe4 Rac8 26.gxf4 Rxc7 27.f5 Bd7 28.Rfd1 Re8
29.Rd4 Bc6 30.Rc1 Rce7 31.Rcc4 { ...1/2-1/2, Ionov Sergey 2530 - Garcia
Vicente Nieves 2235 , Alcobendas 1994 It (cat.4) } ) ( 11...Nbd7 12.Nc3 Bc6
13.Rfd1 h6 14.Bxf6 Nxf6 15.e4 Bb4 16.Ne5 Be8 17.Qc4 Qe7 18.Nd3 Bxc3 19.bxc3
Bc6 20.d5 exd5 21.exd5 Be8 22.Nc5 b6 23.d6 cxd6 24.Bxa8 dxc5 25.Qxa6 Qe6 26.a5
Ng4 27.axb6 Qf5 28.Qe2 Bb5 29.Qf3 Qh5 30.h3 Qxh3 31.Qh1 { ...1-0, Roktim
Bandyopadhyay 2359 - Abdul Mal 2243 , Dhaka 13. 5.2004 It "United Insurance" }
) 12.Nc3 { = } ( 12.dxc5 Bxc5 13.Nc3 Bc6 14.Qc4 Be7 15.b4 Nbd7 16.b5 Bd5 {
1/2-1/2, Akopian Vladimir 2646 - Adams Michael 2708 , Las Vegas 1999 Ch World
FIDE } ) ( 12.Bxf6 Bxf6 13.e4 Bc6 14.Rd1 cxd4 15.e5 Be7 16.Nxd4 Bxg2 17.Kxg2
Qd5+ 18.Nf3 Qxd3 19.Rxd3 Nc6 20.Rd7 Rab8 21.Nd4 Nxd4 22.Rxd4 Rfd8 23.Rxd8+
Rxd8 24.Nc3 Rd2 25.b3 Kf8 26.Ne4 Re2 27.Rc1 Rxe4 28.Rc8+ Bd8 29.Rxd8+ Ke7
30.Rd6 Rb4 31.Rd3 g5 { ...1/2-1/2, Kozul Zdenko 2570 - Georgiev Kiril 2660 ,
Sarajevo 1998 It (cat.15) } ) 12...cxd4 ( 12...Bc6 13.Rfd1 cxd4 14.Nxd4 Bxg2
15.Kxg2 Nbd7 16.Qf3 Rb8 17.Bxf6 Bxf6 18.Ne4 Qb6 19.Qe3 Rfd8 20.Rd2 Be7 21.Rad1
Qc7 22.Nb3 Qc6 23.Nd4 Qc7 24.Nb3 Nb6 25.Rxd8+ Rxd8 26.Rxd8+ Qxd8 27.Nec5 Qc7
28.Qd4 a5 29.Nd3 Nc4 30.Nbc5 Qc6+ 31.f3 Nd6 32.b3 { ...1/2-1/2, Wojtkiewicz
Aleksander 2575 - Georgiev Kiril 2670 , Metz 1997 It (open) } ) 13.Nxd5 Nxd5 (
13...Qxd5 14.h4 Nbd7 15.Nxd4 Qd6 16.Rfd1 Nc5 17.Qc4 Rfd8 18.b4 Nxa4 19.Qb3 Qb6
20.e3 { 1-0, Karpov Anatoly 2780 - Beliavsky Alexander G 2640 , Linares 1994
It (cat.18) } ) 14.Bxe7 Qxe7 15.Nxd4 { } 15...Nb4 { N } ( 15...Nc6 16.Nxc6
bxc6 17.a5 ( 17.Rfc1 a5 18.Qa3 Qb7 19.Rc5 Rfb8 20.Rac1 Qxb2 21.Qxb2 Rxb2
22.Rxc6 g6 23.Rc8+ Rxc8 24.Rxc8+ Kg7 25.Bxd5 exd5 26.Rc5 Rxe2 27.Rxd5 Ra2
28.Rxa5 h5 29.h3 Kf6 30.Kg2 Ra3 31.g4 h4 32.Ra8 Kg5 33.a5 f5 34.gxf5 gxf5
35.a6 { ...1/2-1/2, Turner Matthew 2502 - Parker Jonathan 2539 , Bunratty 2001
It (open) } ) 17...Qb7 18.Qc2 Rab8 19.Rfc1 Rfc8 20.Qc4 h6 21.e3 Qa7 22.Bf1 Nb4
23.Qf4 { 1/2-1/2, Huebner Robert Dr 2595 - Karpov Anatoly 2705 , Tilburg 1979
It (cat.15) } ) 16.Qc3 a5 17.Rac1 N8a6 18.Qe3 Rab8 19.Nf5 Qf6 20.Nd6 b6 21.Nc4
Rfd8 22.Nxb6 Qxb2 23.Nc4 Qa2 24.Nxa5 Qxa4 25.Qa7 { ?? } ( { ? } 25.Nb7 Rdc8
26.Nd6 Rd8 27.Qd4 { } ) 25...Qe8 { ?? } ( { ? } 25...Qxa5 26.Bf3 Qb6 27.Qe7
Nd5 { } ) 26.Nc6 Rd7 27.Qe3 Rc8 28.Na5 { ? } ( { ? } 28.Qb6 Qf8 29.Nxb4 Rxc1
30.Qxa6 { } ) 28...h6 29.Bb7 Rb8 30.Qf3 Qd8 31.Bc6 Rc7 32.Rfd1 Qf8 33.Rc4 Rbc8
34.Rdc1 Nb8 35.Bb7 Rxc4 36.Nxc4 Rc7 37.Rc3 { ?! } ( 37.Be4 { !? } 37...Na2
38.Ra1 Rxc4 39.Rxa2 { } ) 37...Qe7 { ?! } ( 37...Qc5 { !? } 38.Be4 Nd7 39.Bb1
Qd4 { } ) 38.Be4 N8a6 39.Kg2 Na2 40.Ra3 N2b4 41.Ne5 Qd6 42.Qf4 Nd5 43.Qf3 Qxe5
44.Rxa6 Rc8 45.Bxd5 Qxd5 { ?! } ( 45...exd5 { !? } 46.Ra7 Qe6 47.Qd3 Rb8 { } )
46.Qxd5 exd5 47.Ra5 d4 48.h4 g6 49.Rd5 Rc2 50.Kf3 Rd2 51.Ra5 d3 52.e4 Rd1
53.Rd5 Rd2 54.Ra5 Rd1 55.Ra4 Rd2 56.Ra1 Kg7 57.Re1 Kf6 58.Ke3 Ra2 59.Rd1 Re2+
60.Kf3 Ke5 61.Rxd3 Rxe4 62.Rd7 Ra4 { ?! } ( 62...f5 { !? } 63.Re7+ Kd4 64.Ra7
h5 { } ) 63.Rxf7 h5 { } {#r} 1-0

[Event "It (open)"]
[Site "masterchessopen.com Vlissingen (Netherlands)"]
[Date "2004.08.09"]
[Round "4"]
[White "Riedel Holger Dr (GER)"]
[Black "Jonkman Harmen (NED)"]
[Result "0-1"]
[WhiteElo "2284"]
[BlackElo "2417"]

1.d4 d5 2.c4 dxc4 3.Nf3 e6 4.g3 Nf6 5.Bg2 Be7 6.O-O O-O 7.Qc2 a6 8.Qxc4 b5
9.Qc2 Bb7 10.Rd1 Nbd7 11.Bg5 Rc8 12.Bxf6 Bxf6 13.Ng5 Bxg5 14.Bxb7 Rb8 15.Bg2
Be7 16.Nc3 Bb4 17.Rac1 Qe7 18.Ne4 Rfc8 19.a3 Ba5 20.Nc5 Nxc5 21.dxc5 b4 22.Qa4
Rb5 23.axb4 Bxb4 24.Qxa6 Rcb8 25.c6 Bd6 26.Rc2 Rxb2 27.Rxb2 Rxb2 28.Be4 f5
29.Bd3 Rb8 30.Qa7 Rf8 31.Rb1 f4 32.Rc1 Qg5 33.h4 Qe5 34.g4 f3 35.exf3 Qh2+
36.Kf1 Qh1+ {#R} 0-1

[Event "It (open)"]
[Site "masterchessopen.com Fort Lauderdale (USA)"]
[Date "2004.08.15"]
[Round "9"]
[White "Wojtkiewicz Aleksander (USA)"]
[Black "Ippolito Dean (USA)"]
[Result "1-0"]
[WhiteElo "2539"]
[BlackElo "2392"]

1.d4 Nf6 2.Nf3 d5 3.c4 e6 4.g3 Be7 5.Bg2 dxc4 6.O-O O-O 7.Ne5 Nc6 8.Bxc6 bxc6
9.Nxc6 Qd7 10.Nxe7+ Qxe7 11.Qa4 c5 12.Qa3 Qb7 13.Qxc5 e5 14.Rd1 exd4 15.Qxd4
Bh3 16.f3 Rae8 17.Nc3 Ng4 18.Ne4 Kh8 19.Bf4 f5 20.Ng5 Rxe2 21.Rd2 h6 22.Rxe2
hxg5 23.Bd6 Rd8 24.fxg4 Qc6 25.Rd2 {#r} 1-0

[Event "It (open)"]
[Site "masterchessopen.com Porto San Giorgio (Italy)"]
[Date "2004.08.29"]
[Round "9"]
[White "Schaefer Michael (GER)"]
[Black "Stromboli Ettore (ITA)"]
[Result "0-1"]
[WhiteElo "2192"]
[BlackElo "2207"]

1.d4 Nf6 2.c4 e6 3.g3 d5 4.Nf3 dxc4 5.Bg2 Be7 6.O-O O-O 7.Qc2 c6 8.Qxc4 b5
9.Qc2 Bb7 10.Rd1 Qb6 11.a4 a5 12.Bg5 Na6 13.Nc3 Nb4 14.Qb1 Rfd8 15.e3 h6
16.Bxf6 Bxf6 17.Ne4 Be7 18.Rc1 Rac8 19.Ne5 c5 20.dxc5 Bxc5 21.axb5 Bxe3
22.Rxc8 Rxc8 23.Nd7 Qd4 24.fxe3 Qxd7 25.Qf1 Rc2 26.Qf4 Rxg2+ 27.Kxg2 f5
28.Rxa5 Bxe4+ 29.Kh3 Qd2 30.g4 Qg2+ 31.Kh4 g5+ {#R} 0-1

[Event "It (young masters)"]
[Site "masterchessopen.com Winterthur (Switzerland)"]
[Date "2004.10.08"]
[Round "8"]
[White "Kuemin Simon (SUI)"]
[Black "Moor Olivier (SUI)"]
[Result "0-1"]
[WhiteElo "2392"]
[BlackElo "2388"]

1.d4 Nf6 2.c4 e6 3.g3 d5 4.Nf3 dxc4 5.Bg2 Be7 6.O-O O-O 7.Na3 Bxa3 8.bxa3 Bd7
9.Ne5 Bc6 10.Nxc6 Nxc6 11.Bb2 Nd5 12.Rb1 Rb8 13.Qc2 c3 14.Bxc3 Nxc3 15.Qxc3
Nxd4 16.Rb2 Qf6 17.Rc1 c6 18.e3 Nb5 19.Qxf6 gxf6 20.a4 Nd6 21.Rd2 Nf5 22.Rb1
Rfe8 23.Rd7 Re7 24.Bxc6 Rxd7 25.Bxd7 b6 26.Rc1 Nd6 27.Rc6 Ne4 28.Rc7 a6 29.Bc8
a5 30.Bd7 Rd8 31.Bc6 Rd1+ 32.Kg2 Rc1 33.Kf3 f5 34.g4 Kg7 35.gxf5 exf5 36.Kf4
Nxf2 37.Rc8 Rc5 38.Bb7 Nd3+ 39.Kg3 Rxc8 40.Bxc8 Nc5 41.Kf4 Nxa4 42.Bxf5 b5
43.Ke5 b4 44.Bc2 Nc3 45.Bb3 a4 46.Bc4 Nxa2 {#R} 0-1

[Event "It (open) (b)"]
[Site "masterchessopen.com Zurich (Switzerland)"]
[Round "5"]
[White "Adamantidis Panagiotis (SUI)"]
[Black "Glur Erwin (SUI)"]
[Result "1-0"]
[WhiteElo "2114"]
[BlackElo "1978"]

1.d4 d5 2.c4 e6 3.Nf3 Nf6 4.g3 Be7 5.Bg2 dxc4 6.O-O c5 7.Qa4+ Nbd7 8.dxc5 Bxc5
9.Qxc4 Qe7 10.Nc3 O-O 11.Bg5 h6 12.Bxf6 Nxf6 13.Rfd1 Rb8 14.a3 Bd7 15.Ne5 Rfc8
16.Qh4 Be8 17.Rac1 a6 18.e3 b5 19.Ne4 Nxe4 20.Qxe7 Bxe7 21.Bxe4 Bf6 22.Nd3 Rc4
23.Bf3 Rbc8 24.b4 Rxc1 25.Rxc1 Rxc1+ 26.Nxc1 Bb2 27.Nd3 Bxa3 28.Kf1 f6 29.Bb7
Kf7 30.Ke2 Ke7 31.Bxa6 Bc6 32.Kd2 Kd6 33.Kc3 Kc7 34.Kb3 Bd7 35.Kxa3 Kb6 36.Nc5
Be8 37.Nxe6 {#r} 1-0

[Event "Czech League 2004/05 (2nd) (c)"]
[Site "masterchessopen.com Czech Republic"]
[Date "2004.12.05"]
[Round "4"]
[White "Jedlicka Ales (CZE)"]
[Black "Tobyas Miroslav (CZE)"]
[Result "1-0"]
[WhiteElo "2266"]
[BlackElo "2272"]

1.d4 d5 2.Nf3 Nf6 3.g3 e6 4.Bg2 Be7 5.c4 dxc4 6.O-O O-O 7.Qc2 a6 8.a4 Nc6
9.Qxc4 Qd5 10.Nbd2 Rd8 11.e3 Bd6 12.b3 Qh5 13.e4 e5 14.d5 Ne7 15.Re1 Bh3
16.Bb2 Ng4 17.Qf1 Bxg2 18.Kxg2 Bc5 19.Rec1 Bxf2 20.Qe2 Ba7 21.Rxc7 Ng6 22.Rxb7
Rd6 23.Rxa7 Rxa7 24.h3 Nh6 25.Rc1 Rd8 26.Rc6 Rda8 27.Nc4 f6 28.Bc1 Ne7 29.Rb6
Qe8 30.Bxh6 gxh6 31.Rxf6 Ng6 32.Nb6 Rb8 33.a5 Qe7 34.Re6 Qb4 35.Nxe5 Nxe5
36.Rxe5 Qxa5 37.Nc4 Qb4 38.Qe3 Qxb3 39.Re8+ {#r} 1-0

[Event "Ch Slovakia (team) 2005/06 (1 liga) West"]
[Site "masterchessopen.com Slovakia"]
[Round "5"]
[White "Turna Stefan (SVK)"]
[Black "Kolcak Marek (SVK)"]
[Result "1-0"]
[WhiteElo "2232"]
[BlackElo "2217"]

1.d4 d5 2.Nf3 Nf6 3.c4 dxc4 4.g3 e6 5.Bg2 Be7 6.O-O O-O 7.Ne5 c5 8.dxc5 Qc7
9.Nxc4 Rd8 10.Qc2 Bxc5 11.Bf4 Bd6 12.Bxd6 Rxd6 13.Nba3 Rd7 14.Rad1 Na6 15.Nb5
Qc5 16.Qb3 Nc7 17.Nc3 Rb8 18.Na4 Qf8 19.Ne5 Rd6 20.Rc1 Na6 21.Qe3 b5 22.Nc5
Nxc5 23.Rxc5 a5 24.Rc7 Nd5 25.Bxd5 exd5 26.Rxf7 Qe8 27.Qg5 Qxf7 28.Nxf7 Kxf7
29.Rc1 Bd7 30.Qf4+ Ke7 {#r} 1-0

[Event "It (cat.5)"]
[Site "masterchessopen.com Rome (Italy)"]
[Date "2005.03.20"]
[Round "10"]
[White "Lazic Miroljub (SRB)"]
[Black "Vuelban Virgilio (PHI)"]
[Result "1-0"]
[WhiteElo "2472"]
[BlackElo "2314"]

1.d4 Nf6 2.g3 d5 3.Bg2 e6 4.Nf3 Be7 5.c4 dxc4 6.Qa4+ Bd7 7.Qxc4 Bc6 8.O-O Nbd7
9.Nc3 Nb6 10.Qd3 Bb4 11.Re1 Bxc3 12.Qxc3 h6 13.b3 O-O 14.Bb2 Be4 15.Ne5 Bxg2
16.Kxg2 Nbd7 17.Nd3 Ne4 18.Qc2 Rc8 19.f3 Nef6 20.b4 c6 21.e4 b5 22.a4 Nb6
23.axb5 cxb5 24.Nc5 Na4 25.Qb3 Nxc5 26.bxc5 Qd7 27.Bc3 Qb7 28.Qa3 Rc7 29.Qa6
Rb8 30.Qxb7 Rbxb7 31.Bb4 Rc6 32.Red1 Rd7 33.Rd2 g5 34.g4 Rc8 35.Kf2 Kg7
36.Rad1 Kg6 37.d5 exd5 38.exd5 a5 39.c6 Rxd5 40.Rxd5 Nxd5 41.Bxa5 Nc7 42.Rd6+
Ne6 43.Ke3 Kf6 44.Ke4 Ra8 45.Bd8+ Kg7 46.Bb6 Ra2 47.Bd4+ Kf8 48.Bf6 Ra4+
49.Kd5 Rc4 50.Rd7 Rc2 51.Rb7 Rd2+ 52.Ke5 Re2+ 53.Kd5 Rd2+ 54.Ke4 Re2+ 55.Kd3
Nf4+ 56.Kd4 {#r} 1-0

[Event "It (c)"]
[Site "masterchessopen.com Balatonlelle (Hungary)"]
[Date "2005.06.23"]
[Round "6"]
[White "Kiss Pal (HUN)"]
[Black "Prohaszka Peter (HUN)"]
[Result "1-0"]
[WhiteElo "2400"]
[BlackElo "2336"]

1.Nf3 Nf6 2.g3 e6 3.Bg2 Be7 4.c4 d5 5.d4 dxc4 6.O-O O-O 7.Qc2 a6 8.Qxc4 b5
9.Qc2 Bb7 10.Bf4 Nc6 11.Rd1 Nb4 12.Qc1 Rc8 13.Nc3 Nbd5 14.Nxd5 Bxd5 15.Be3 c6
16.Ne1 Bxg2 17.Kxg2 Nd5 18.Nd3 Nxe3+ 19.Qxe3 c5 20.dxc5 Qd5+ 21.Qf3 Qxf3+
22.Kxf3 Bxc5 23.Rac1 Bd6 24.Rd2 Rxc1 25.Nxc1 Rd8 26.Rc2 Be7 27.Nd3 Kf8 28.Rc7
f6 29.Ra7 Rd6 30.Nb4 Rd1 31.Nc6 Bc5 32.Rxa6 Rd2 33.b4 Bd6 34.a3 Ra2 35.Ra7 Kg8
36.e3 Bf8 37.Ra5 e5 38.Na7 g5 39.Nxb5 f5 40.Nc7 g4+ 41.Kg2 f4 42.exf4 {#r} 1-0

[Event "Ch Macedonia"]
[Site "masterchessopen.com Struga (Macedonia)"]
[Date "2005.07.13"]
[Round "5"]
[White "Ranic Goran (MKD)"]
[Black "Glavinac Goran (MKD)"]
[Result "0-1"]
[WhiteElo "2049"]
[BlackElo "2179"]

1.d4 d5 2.Nf3 Nf6 3.c4 e6 4.g3 dxc4 5.Bg2 Be7 6.O-O O-O 7.Qc2 c6 8.Qxc4 b5
9.Qc2 Bb7 10.Rd1 Qb6 11.a4 a6 12.a5 Qc7 13.Bf4 Qc8 14.Rc1 Nbd7 15.Nbd2 c5
16.dxc5 Qxc5 17.Qb3 Qa7 18.Be3 Qb8 19.Nd4 Bxg2 20.Kxg2 Qb7+ 21.N2f3 Nd5 22.Nc6
Nxe3+ 23.Qxe3 Bf6 24.Rc2 Rac8 25.Rac1 Nb8 26.Qa7 Qxa7 27.Nxa7 Rxc2 28.Rxc2 g5
29.g4 Kg7 30.e3 Rd8 31.Nd2 Rd7 32.Nc8 Bd8 33.Ne4 Bxa5 34.Nc5 Rc7 35.b4 Nd7
36.Ra2 Bxb4 37.Nxa6 Rxc8 38.Nxb4 Rc4 39.Rb2 Rxg4+ 40.Kh3 Rc4 41.Na6 Nc5 42.Ra2
Ra4 43.Rxa4 Nxa4 44.f4 {#R} 0-1

[Event "Ch World (juniors) (under 18) (g)"]
[Site "masterchessopen.com Belfort (France)"]
[Date "2005.07.24"]
[Round "6"]
[White "Itkis Hana (USA)"]
[Black "Maupin Valerie (FRA)"]
[Result "1-0"]
[WhiteElo "2105"]
[BlackElo "1986"]

1.c4 Nf6 2.g3 e6 3.Bg2 d5 4.Nf3 Be7 5.d4 dxc4 6.Qa4+ Nfd7 7.Qxc4 Nc6 8.e3 Nb6
9.Qe2 O-O 10.O-O Bf6 11.Rd1 Qd6 12.Nc3 Rd8 13.Ne4 Qe7 14.Bd2 Nd5 15.Nxf6+ Nxf6
16.Qc4 a5 17.Rac1 Ne4 18.Be1 Nd6 19.Qc2 Ra6 20.Ne5 Bd7 21.Qc5 a4 22.Qa3 Rda8
23.Nxc6 Bxc6 24.Bxc6 bxc6 25.Bb4 Qd8 26.Qd3 Qg5 27.Rc2 Qd5 28.a3 Rb6 29.Qe2
Re8 30.f3 e5 31.e4 Qe6 32.Bc5 Rb3 33.dxe5 Qxe5 34.Bd4 Qh5 35.g4 Qh3 36.Rf1 h5
37.gxh5 Qxh5 38.Qg2 g6 39.Rxc6 Nb5 40.Bf6 Qh6 41.Bg5 Qg7 42.Bf6 Qh6 43.Qf2 Qf4
44.Qg3 Rxe4 45.Qh3 {#r} 1-0

[Event "It (open)"]
[Site "masterchessopen.com Koszalin (Poland)"]
[Round "6"]
[White "Jagodzinski Waldemar (POL)"]
[Black "Kolosowski Mateusz (POL)"]
[Result "0-1"]
[WhiteElo "2149"]
[BlackElo "2105"]

1.d4 d5 2.Nf3 Nf6 3.c4 e6 4.g3 Be7 5.Bg2 dxc4 6.Qc2 c6 7.Qxc4 b5 8.Qc2 Bb7
9.O-O Nbd7 10.Ne5 Nxe5 11.dxe5 Nd5 12.e4 Nb6 13.Nd2 O-O 14.Nf3 Qc7 15.Bf4 Rfd8
16.Rfd1 c5 17.h4 Rxd1+ 18.Rxd1 Rd8 19.Ne1 Rxd1 20.Qxd1 Qd7 21.Qe2 Na4 22.Bc1
a6 23.f4 Qd4+ 24.Kh2 c4 25.Nc2 Qd3 26.Qxd3 cxd3 27.Ne1 Nxb2 28.Bf3 Bb4 29.Bxb2
Bxe1 30.h5 b4 31.Bd4 Bc3 32.Bb6 Bc6 33.Bd1 Bxe4 34.Ba5 Bd5 35.a3 Ba2 {#R} 0-1

[Event "It \"]
[Site "masterchessopen.com Olomouc (Czech Republic)"]
[Date "2005.08.06"]
[Round "5"]
[White "Jirka Jiri (CZE)"]
[Black "Lagowski Patryk (POL)"]
[Result "0-1"]
[WhiteElo "2387"]
[BlackElo "2391"]

1.d4 e6 2.c4 d5 3.g3 Nf6 4.Bg2 Be7 5.Nf3 dxc4 6.O-O O-O 7.Na3 Bxa3 8.bxa3 Nbd7
9.a4 a5 10.Ba3 Re8 11.Rc1 Nb6 12.Ne5 Nfd5 13.Nxc4 Nxc4 14.Rxc4 Bd7 15.Qd2 Bc6
16.Rfc1 Qd7 17.Rc5 Rec8 18.e4 Nb6 19.d5 exd5 20.exd5 Rd8 21.Qg5 Nxd5 22.Rd1 h6
23.Qh5 b6 24.Rxc6 Qxc6 25.Bxd5 Qxa4 26.Bb2 Qe8 27.Bxa8 Rxd1+ 28.Qxd1 Qxa8
29.Be5 Qc8 30.Qd5 c6 31.Qd6 Qf5 32.a3 Qb1+ 33.Kg2 Qe4+ 34.Kf1 b5 35.h4 f6
36.Bf4 b4 37.a4 Qc4+ 38.Kg2 b3 39.Qa3 {#R} 0-1

[Event "It (open)"]
[Site "masterchessopen.com Olomouc (Czech Republic)"]
[Date "2005.08.08"]
[Round "6"]
[White "Trichkov Vasil (CZE)"]
[Black "Satyapragyan Swayangsu (IND)"]
[Result "1-0"]
[WhiteElo "2333"]
[BlackElo "2411"]

1.d4 Nf6 2.Nf3 e6 3.g3 d5 4.Bg2 Be7 5.c4 dxc4 6.Qa4+ Bd7 7.Qxc4 Bc6 8.O-O O-O
9.Nc3 a6 10.Qd3 b5 11.a3 Bb7 12.Rd1 Nbd7 13.e4 c5 14.d5 exd5 15.e5 Ne4 16.Nxd5
Nb6 17.Nxe7+ Qxe7 18.Bf4 Rad8 19.Qc2 Rxd1+ 20.Rxd1 f5 21.exf6 Qxf6 22.Ne5 Qf5
23.Re1 g5 24.Bxg5 Qxe5 25.Bxe4 Bxe4 26.Qxe4 Qxg5 27.Qe6+ Kh8 28.Qxb6 Qd2
29.Rf1 c4 30.Qc5 Rf6 31.Qe5 Qd6 32.Qc3 Kg8 33.a4 Rf7 34.axb5 axb5 35.Ra1 Rd7
36.Qe3 Qd5 37.h4 Kg7 38.Ra6 Qd1+ 39.Kh2 Qd4 40.Qg5+ Kf7 41.Qf5+ Kg7 42.h5 Qd5
43.Qf6+ Kg8 44.Qh4 Kh8 45.Rb6 Qe5 46.h6 Re7 47.Qxe7 {#r} 1-0

[Event "Ch American Continent"]
[Site "masterchessopen.com Buenos Aires (Argentina)"]
[Date "2005.08.09"]
[Round "4"]
[White "Pacheco Daniel (ARG)"]
[Black "Mieles Palau Daniel (ECU)"]
[Result "1-0"]
[WhiteElo "2297"]
[BlackElo "2486"]

1.d4 d5 2.c4 e6 3.Nf3 Nf6 4.g3 Be7 5.Bg2 dxc4 6.O-O O-O 7.Qc2 a6 8.a4 Bd7
9.Ne5 Bc6 10.Nxc6 Nxc6 11.e3 Nd5 12.Qxc4 Na5 13.Qe2 c5 14.dxc5 Bxc5 15.Rd1 Nb3
16.Ra2 Qb6 17.Nd2 Rad8 18.Nf1 Rc8 19.Bd2 Bb4 20.Bxd5 exd5 21.Bxb4 Qxb4 22.Ra3
Rfd8 23.Qd3 Nc1 24.Qd2 Qc4 25.Kg2 d4 26.h3 Nb3 27.Qd3 Qc6+ 28.Kg1 Nc5 29.Qb1
Ne6 30.Qf5 Rd5 31.Qf3 Rcd8 32.h4 d3 33.e4 Rd4 34.Rdxd3 Qc2 35.Rxd4 Nxd4 36.Qg4
Qxb2 37.Rd3 f5 38.exf5 Qb6 39.Qd1 Qd6 40.Kg2 Qe5 41.f3 Qf6 42.Ne3 Nc6 43.Rxd8+
Nxd8 44.Qd7 h6 45.Nd5 Qb2+ 46.Kh3 Nc6 47.Qe8+ Kh7 48.Qg6+ {#r} 1-0

[Event "It (open)"]
[Site "masterchessopen.com Kuala Lumpur (Malaysia)"]
[Date "2005.08.26"]
[Round "11"]
[White "Srivachirawat Kannapon (THA)"]
[Black "Jones Lee (AUS)"]
[Result "1-0"]
[WhiteElo "2206"]
[BlackElo "2189"]

1.Nf3 Nf6 2.g3 d5 3.d4 e6 4.Bg2 Be7 5.c4 dxc4 6.Ne5 O-O 7.O-O Nbd7 8.Nxc4 c5
9.dxc5 Bxc5 10.Nc3 a6 11.a3 Qe7 12.b4 Ba7 13.Qd6 Re8 14.Rd1 Ng4 15.Qxe7 Rxe7
16.e3 Rb8 17.Bb2 Ngf6 18.Rac1 Nf8 19.Ne2 Bd7 20.Be5 Ba4 21.Bxb8 Bxd1 22.Bxa7
Bxe2 23.Ne5 b5 24.Bd4 Nd5 25.Bxd5 exd5 26.Rc8 h6 27.f3 f6 28.Ng6 Rf7 29.Bc5
{#r} 1-0

[Event "Ch Switzerland (team) 2005"]
[Site "masterchessopen.com Switzerland"]
[Date "2005.09.04"]
[Round "7"]
[White "Gruenenwald Joerg (SUI)"]
[Black "Lepori Antonio"]
[Result "1-0"]
[WhiteElo "2356"]
[BlackElo "2105"]

1.d4 Nf6 2.c4 e6 3.Nf3 d5 4.g3 dxc4 5.Bg2 Be7 6.O-O O-O 7.Ne5 Nbd7 8.Nxc4 c5
9.Nc3 cxd4 10.Qxd4 Bc5 11.Qh4 Qe7 12.Be3 Bxe3 13.Nxe3 Re8 14.Nb5 Ne5 15.Rac1
Rd8 16.Rfd1 a6 17.Rxd8+ Qxd8 18.Rd1 Qe7 19.Nd6 Rb8 20.Qd4 Ng6 21.Qb6 h6 22.b3
Ne5 23.Nxc8 Rxc8 24.Qxb7 Qxb7 25.Bxb7 Rb8 26.Bg2 a5 27.f4 Ned7 28.Rd4 e5
29.Rc4 exf4 30.gxf4 Rb5 31.Bc6 Rh5 32.Bf3 Rb5 33.Kf2 g5 34.Rc8+ Kh7 35.fxg5
hxg5 36.Bc6 Rc5 37.Bxd7 Nxd7 38.Rxc5 Nxc5 39.Nc4 Nb7 40.e4 Kg6 41.Kf3 f6
42.Kg4 Nc5 43.Kf3 Nb7 44.Kg4 Nc5 45.Nxa5 Nxe4 46.Nc4 f5+ 47.Kf3 Kf6 48.Ke3 Ke6
49.Kd4 Nf2 50.a4 Ng4 51.a5 f4 52.a6 f3 53.a7 f2 54.Nd2 {#r} 1-0

[Event "Ch Russia (students)"]
[Site "masterchessopen.com Nizhnij Tagil (Russia)"]
[Date "2005.10.04"]
[Round "1"]
[White "Lushenkov Mikhail (RUS)"]
[Black "Azanov Pavel (RUS)"]
[Result "1-0"]
[WhiteElo "2358"]
[BlackElo "2109"]

1.Nf3 d5 2.d4 Nf6 3.c4 e6 4.g3 dxc4 5.Bg2 Be7 6.O-O O-O 7.Qc2 Nc6 8.Qxc4 a6
9.Nc3 Na5 10.Qa4 c5 11.dxc5 Bxc5 12.b4 Bd4 13.Nxd4 Qxd4 14.Qxa5 Qxc3 15.Be3
Rb8 16.Bf4 b6 17.Qe5 Qxe5 18.Bxe5 Bb7 19.Bxb8 Bxg2 20.Kxg2 Rxb8 21.Rac1 Nd5
22.a3 b5 23.Rc6 Nb6 24.Rd1 Kf8 25.Rd3 Rb7 26.Rdd6 Nc4 27.Rd8+ Ke7 28.Ra8 Nxa3
29.Rcxa6 Nc2 30.R8a7 Rxa7 31.Rxa7+ Kf6 32.Rb7 Nxb4 33.Rxb5 Nc2 34.Rb7 h5 35.f4
Nd4 36.e3 Nf5 37.e4 Nh6 38.Rb5 g6 39.Kf3 Ng8 40.Rb7 Nh6 41.h3 g5 42.Rb5 g4+
43.Kg2 gxh3+ 44.Kxh3 Ng4 45.Kh4 Nf2 46.Re5 Kg6 47.Rg5+ Kf6 48.e5+ {#r} 1-0

[Event "Tournament (a)"]
[Site "masterchessopen.com Montigny le Bretonneux (France)"]
[Date "2005.10.29"]
[Round "8"]
[White "Verat Laurent (FRA)"]
[Black "Plantet Marc (FRA)"]
[Result "1-0"]
[WhiteElo "2343"]
[BlackElo "2057"]

1.d4 Nf6 2.c4 e6 3.g3 d5 4.Bg2 Be7 5.Nf3 dxc4 6.O-O O-O 7.Qc2 a6 8.Qxc4 b5
9.Qc2 Bb7 10.Bd2 Nbd7 11.Ba5 Ra7 12.Nbd2 Qa8 13.b4 Bd6 14.Rfe1 Ne4 15.Nb3 Nb6
16.Nc5 Bd5 17.Nh4 Bxc5 18.bxc5 Nc4 19.Bc3 Nxf2 20.e4 Nxe4 21.Bxe4 Bxe4 22.Qxe4
c6 23.a4 a5 24.Nf3 b4 25.Qd3 {#r} 1-0